[Event "Torredembarra op 19th"]
[Site "Torredembarra"]
[Date "2017.07.07"]
[Round "7"]
[White "Ferrer Teixido, Jordi"]
[Black "Eizaguerri Floris, Maria"]
[Result "0-1"]
[WhiteElo "1927"]
[BlackElo "2075"]
[PlyCount "47"]
[EventDate "2017.07.01"]
[EventType "swiss"]
[EventRounds "9"]
[EventCountry "ESP"]
[SourceTitle "CBM 179 Extra"]
[Source "ChessBase"]
[SourceDate "2017.08.23"]
[SourceVersion "1"]
[SourceVersionDate "2017.08.23"]
[SourceQuality "1"]

1. Nf3 d5 2. b3 Nf6 3. Bb2 Bg4 4. e3 Nbd7 5. h3 Bxf3 6. Qxf3 e5 7. c4 c6 8. cxd5 Nxd5 9. Bc4 N5f6 10. g4 h6 11. 0-0 Bd6 12. Kg2 e4 13. Qd1 Ne5 14. Bxe5 Bxe5 15. Nc3 b5 16. Be2 b4 17. Na4 Bxa1 18. Qxa1 0-0 19. d4 exd3 20. Rd1 Qd5+ 21. f3 d2 22. e4 Qg5 23. Nb2 Nh5 24. Nc4 0-1

[Event "Tarragona Province-chA"]
[Site "L'Hospitalet Infant"]
[Date "2016.11.06"]
[Round "6"]
[White "Beltran Reverter, Josep M"]
[Black "Ferrer Teixido, Jordi"]
[Result "0-1"]
[WhiteElo "1873"]
[BlackElo "2088"]
[PlyCount "80"]
[EventDate "2016.10.02"]
[EventType "swiss"]
[EventRounds "9"]
[EventCountry "ESP"]
[SourceTitle "EXT 2018"]
[Source "ChessBase"]
[SourceDate "2017.10.13"]
[SourceVersion "1"]
[SourceVersionDate "2017.10.13"]
[SourceQuality "1"]

1. d4 f5 2. Bf4 Nf6 3. Nf3 e6 4. e3 b6 5. Bd3 Bb7 6. a3 Be7 7. Nc3 0-0 8. Qe2 d6 9. Ng5 Qd7 10. Bc4 d5 11. Bd3 c5 12. Bb5 Nc6 13. Nf3 Bd6 14. 0-0 a6 15. dxc5 bxc5 16. Ba4 Qc7 17. Bxd6 Qxd6 18. Rad1 Rfd8 19. Rd2 Na5 20. Rfd1 Qc7 21. Ng5 Rd6 22. b3 Rad8 23. Na2 h6 24. Nf3 Ne4 25. Rd3 c4 26. Rd4 Nc5 27. Ne5 cxb3 28. cxb3 Ncxb3 29. Bxb3 Nxb3 30. Rb4 Rb6 31. Rxb6 Qxb6 32. Rb1 a5 33. Qh5 Qc7 34. f4 a4 35. Qg6 Qe7 36. Nb4 Qf6 37. Qh5 Rc8 38. Nbc6 Bxc6 39. Nxc6 g6 40. Ne7+ Kf7 0-1

[Event "Tarragona Province-chA"]
[Site "L'Hospitalet Infant"]
[Date "2016.10.30"]
[Round "5"]
[White "Ferrer Teixido, Jordi"]
[Black "Garcia Espelta, Josep"]
[Result "0-1"]
[WhiteElo "2088"]
[BlackElo "2073"]
[PlyCount "59"]
[EventDate "2016.10.02"]
[EventType "swiss"]
[EventRounds "9"]
[EventCountry "ESP"]
[SourceTitle "EXT 2018"]
[Source "ChessBase"]
[SourceDate "2017.10.13"]
[SourceVersion "1"]
[SourceVersionDate "2017.10.13"]
[SourceQuality "1"]

1. e4 c5 2. Nf3 Nc6 3. d4 cxd4 4. Nxd4 Nf6 5. Nc3 e5 6. Ndb5 d6 7. Bg5 a6 8. Bxf6 gxf6 9. Na3 b5 10. Nd5 Bg7 11. Qd2 f5 12. exf5 Bxf5 13. 0-0-0 0-0 14. Ne3 Be6 15. Qxd6 Qb6 16. Nd5 Bxd5 17. Qxd5 Rad8 18. Qf3 Rxd1+ 19. Kxd1 Rd8+ 20. Ke1 Qd4 21. Bd3 Qxb2 22. Qxc6 Qc1+ 23. Ke2 Qxh1 24. Qb6 Re8 25. Qxa6 Qxg2 26. Qxb5 Qg4+ 27. Ke1 Ra8 28. Nc4 e4 29. Ne3 Bc3+ 30. Kf1 0-1